Hướng dẫn chẩn đoán và điều trị bệnh nội khoa : Cẩm nang nghiệp vụ của bác sĩ lâm sàng

Hướng dẫn cách chẩn đoán xác định, chẩn đoán phân biệt, chẩn đoán nguyên nhân và phương pháp điều trị các bệnh nội khoa thường gặp như bệnh tim mạch, bệnh hô hấp, bệnh nội tiết - đái tháo đường, tiêu hoá, thận - tiết niệu, cơ - xưo...

Szczegółowa specyfikacja

Zapisane w:
Opis bibliograficzny
1. autor: Nguyễn, Quốc Anh
Format: Książka
Język:Undetermined
Wydane: Hà Nội Y học 2011
Hasła przedmiotowe:
Etykiety: Dodaj etykietę
Nie ma etykietki, Dołącz pierwszą etykiete!
Thư viện lưu trữ: Trung tâm Học liệu Trường Đại học Cần Thơ
LEADER 01136nam a2200205Ia 4500
001 CTU_240342
008 210402s9999 xx 000 0 und d
082 |a 616.075 
082 |b A107 
100 |a Nguyễn, Quốc Anh 
245 0 |a Hướng dẫn chẩn đoán và điều trị bệnh nội khoa : 
245 0 |b Cẩm nang nghiệp vụ của bác sĩ lâm sàng 
245 0 |c Nguyễn Quốc Anh, Ngô Quý Châu (Chủ biên) 
260 |a Hà Nội 
260 |b Y học 
260 |c 2011 
520 |a Hướng dẫn cách chẩn đoán xác định, chẩn đoán phân biệt, chẩn đoán nguyên nhân và phương pháp điều trị các bệnh nội khoa thường gặp như bệnh tim mạch, bệnh hô hấp, bệnh nội tiết - đái tháo đường, tiêu hoá, thận - tiết niệu, cơ - xương - khớp, truyền nhiễm, dị ứng - miễn dịch lâm sàng 
650 |a Bệnh lý học,Pathology 
910 |b nthai 
980 |a Trung tâm Học liệu Trường Đại học Cần Thơ